<?xml version="1.0" encoding="UTF-8"?>
<record
    xmlns:xsi="http://www.w3.org/2001/XMLSchema-instance"
    xsi:schemaLocation="http://www.loc.gov/MARC21/slim http://www.loc.gov/standards/marcxml/schema/MARC21slim.xsd"
    xmlns="http://www.loc.gov/MARC21/slim">

  <leader>01460nam a2200265Ia 4500</leader>
  <datafield tag="999" ind1=" " ind2=" ">
    <subfield code="c">42508</subfield>
    <subfield code="d">42508</subfield>
  </datafield>
  <controlfield tag="001">9205</controlfield>
  <controlfield tag="003">GE_BSU</controlfield>
  <controlfield tag="005">20230209120039.0</controlfield>
  <controlfield tag="008">181216s2014    ge |||||||||||||| ||geo||</controlfield>
  <datafield tag="020" ind1=" " ind2=" ">
    <subfield code="a">9789941934742</subfield>
  </datafield>
  <datafield tag="040" ind1=" " ind2=" ">
    <subfield code="c">GE_BSU</subfield>
  </datafield>
  <datafield tag="041" ind1=" " ind2=" ">
    <subfield code="a">geo</subfield>
  </datafield>
  <datafield tag="080" ind1=" " ind2=" ">
    <subfield code="a">34(038)+81'374.26:34=353.1 &#x10D2;-20</subfield>
  </datafield>
  <datafield tag="245" ind1=" " ind2=" ">
    <subfield code="a">&#x10D2;&#x10D0;&#x10DC;&#x10DB;&#x10D0;&#x10E0;&#x10E2;&#x10D4;&#x10D1;&#x10D8;&#x10D7;&#x10D8; &#x10D8;&#x10E3;&#x10E0;&#x10D8;&#x10D3;&#x10D8;&#x10E3;&#x10DA;&#x10D8; &#x10DA;&#x10D4;&#x10E5;&#x10E1;&#x10D8;&#x10D9;&#x10DD;&#x10DC;&#x10D8; = Juristisches Fachlexikon / </subfield>
    <subfield code="c">&#x10D0;&#x10D5;&#x10E2;.: &#x10DA;&#x10D4;&#x10D5;&#x10D0;&#x10DC; &#x10D7;&#x10DD;&#x10D7;&#x10DA;&#x10D0;&#x10EB;&#x10D4;, &#x10D2;&#x10D0;&#x10D2;&#x10D0; &#x10D2;&#x10D0;&#x10D1;&#x10E0;&#x10D8;&#x10E9;&#x10D8;&#x10EB;&#x10D4;, &#x10D2;&#x10D8;&#x10DD;&#x10E0;&#x10D2;&#x10D8; &#x10D7;&#x10E3;&#x10DB;&#x10D0;&#x10DC;&#x10D8;&#x10E8;&#x10D5;&#x10D8;&#x10DA;&#x10D8; [&#x10D3;&#x10D0; &#x10E1;&#x10EE;&#x10D5;.] ; &#x10E0;&#x10D4;&#x10D3;.: &#x10D2;&#x10D8;&#x10DD;&#x10E0;&#x10D2;&#x10D8; &#x10EE;&#x10E3;&#x10D1;&#x10E3;&#x10D0;, &#x10DA;&#x10D4;&#x10D5;&#x10D0;&#x10DC; &#x10D7;&#x10DD;&#x10D7;&#x10DA;&#x10D0;&#x10EB;&#x10D4; ; GIZ, IRZ.</subfield>
  </datafield>
  <datafield tag="250" ind1=" " ind2=" ">
    <subfield code="a">&#x10DB;&#x10D4;-2 &#x10E3;&#x10EA;&#x10D5;&#x10DA;&#x10D4;&#x10DA;&#x10D8; &#x10D2;&#x10D0;&#x10DB;&#x10DD;&#x10EA;.</subfield>
  </datafield>
  <datafield tag="264" ind1=" " ind2=" ">
    <subfield code="a">&#x10D7;&#x10D1;&#x10D8;&#x10DA;&#x10D8;&#x10E1;&#x10D8;.</subfield>
    <subfield code="b">GIZ : IRZ, </subfield>
    <subfield code="c">2014.</subfield>
  </datafield>
  <datafield tag="300" ind1=" " ind2=" ">
    <subfield code="a">626 &#x10D2;&#x10D5;.;</subfield>
    <subfield code="b">20 &#x10E1;&#x10DB;.</subfield>
  </datafield>
  <datafield tag="700" ind1=" " ind2=" ">
    <subfield code="a">&#x10D7;&#x10DD;&#x10D7;&#x10DA;&#x10D0;&#x10EB;&#x10D4;, &#x10DA;. (&#x10DA;&#x10D4;&#x10D5;&#x10D0;&#x10DC;), </subfield>
    <subfield code="e">&#x10D0;&#x10D5;&#x10E2;&#x10DD;&#x10E0;&#x10D8;</subfield>
    <subfield code="9">16854</subfield>
  </datafield>
  <datafield tag="700" ind1=" " ind2=" ">
    <subfield code="a">&#x10D7;&#x10E3;&#x10DB;&#x10D0;&#x10DC;&#x10D8;&#x10E8;&#x10D5;&#x10D8;&#x10DA;&#x10D8;, &#x10D2;. (&#x10D2;&#x10D8;&#x10DD;&#x10E0;&#x10D2;&#x10D8;) </subfield>
    <subfield code="e"> &#x10D0;&#x10D5;&#x10E2;&#x10DD;&#x10E0;&#x10D8;</subfield>
    <subfield code="9">16855</subfield>
  </datafield>
  <datafield tag="700" ind1=" " ind2=" ">
    <subfield code="a">&#x10E2;&#x10E3;&#x10E0;&#x10D0;&#x10D5;&#x10D0;, &#x10DE;. (&#x10DE;&#x10D0;&#x10D0;&#x10E2;&#x10D0;), </subfield>
    <subfield code="e">&#x10D0;&#x10D5;&#x10E2;&#x10DD;&#x10E0;&#x10D8;</subfield>
    <subfield code="9">16856</subfield>
  </datafield>
  <datafield tag="700" ind1=" " ind2=" ">
    <subfield code="a">&#x10E9;&#x10D0;&#x10E9;&#x10D0;&#x10DC;&#x10D8;&#x10EB;&#x10D4;, &#x10D4;. (&#x10D4;&#x10D7;&#x10D4;&#x10E0;)</subfield>
    <subfield code="d">.</subfield>
    <subfield code="e">&#x10D0;&#x10D5;&#x10E2;&#x10DD;&#x10E0;&#x10D8;</subfield>
    <subfield code="9">16857</subfield>
  </datafield>
  <datafield tag="700" ind1=" " ind2=" ">
    <subfield code="a">&#x10EE;&#x10E3;&#x10D1;&#x10E3;&#x10D0;, &#x10D2;. (&#x10D2;&#x10D8;&#x10DD;&#x10E0;&#x10D2;&#x10D8;)</subfield>
    <subfield code="e">&#x10E0;&#x10D4;&#x10D3;&#x10D0;&#x10E5;&#x10E2;&#x10DD;&#x10E0;&#x10D8;</subfield>
    <subfield code="9">16858</subfield>
  </datafield>
  <datafield tag="700" ind1=" " ind2=" ">
    <subfield code="a">&#x10D7;&#x10DD;&#x10D7;&#x10DA;&#x10D0;&#x10EB;&#x10D4;, &#x10DA;. (&#x10DA;&#x10D4;&#x10D5;&#x10D0;&#x10DC;)</subfield>
    <subfield code="e">&#x10E0;&#x10D4;&#x10D3;&#x10D0;&#x10E5;&#x10E2;&#x10DD;&#x10E0;&#x10D8;</subfield>
    <subfield code="9">16859</subfield>
  </datafield>
  <datafield tag="942" ind1=" " ind2=" ">
    <subfield code="c">BK</subfield>
    <subfield code="2">udc</subfield>
  </datafield>
  <datafield tag="952" ind1=" " ind2=" ">
    <subfield code="0">0</subfield>
    <subfield code="1">0</subfield>
    <subfield code="2">udc</subfield>
    <subfield code="4">0</subfield>
    <subfield code="6">340388137426343531_&#x10D2;20</subfield>
    <subfield code="7">0</subfield>
    <subfield code="9">52836</subfield>
    <subfield code="a">CPL</subfield>
    <subfield code="b">CPL</subfield>
    <subfield code="c">GEN</subfield>
    <subfield code="d">2018-12-17</subfield>
    <subfield code="o">34(038)+81'374.26:34=353.1 &#x10D2;-20</subfield>
    <subfield code="p">32113</subfield>
    <subfield code="r">2018-12-17</subfield>
    <subfield code="t">32113</subfield>
    <subfield code="w">2018-12-17</subfield>
    <subfield code="y">BK</subfield>
  </datafield>
  <datafield tag="952" ind1=" " ind2=" ">
    <subfield code="0">0</subfield>
    <subfield code="1">0</subfield>
    <subfield code="2">udc</subfield>
    <subfield code="4">0</subfield>
    <subfield code="6">340388137426343531_&#x10D2;20</subfield>
    <subfield code="7">0</subfield>
    <subfield code="9">52837</subfield>
    <subfield code="a">CPL</subfield>
    <subfield code="b">CPL</subfield>
    <subfield code="c">GEN</subfield>
    <subfield code="d">2018-12-17</subfield>
    <subfield code="o">34(038)+81'374.26:34=353.1 &#x10D2;-20</subfield>
    <subfield code="p">32114</subfield>
    <subfield code="r">2018-12-17</subfield>
    <subfield code="t">32114</subfield>
    <subfield code="w">2018-12-17</subfield>
    <subfield code="y">BK</subfield>
  </datafield>
  <datafield tag="952" ind1=" " ind2=" ">
    <subfield code="0">0</subfield>
    <subfield code="1">0</subfield>
    <subfield code="2">udc</subfield>
    <subfield code="4">0</subfield>
    <subfield code="6">340388137426343531_&#x10D2;20</subfield>
    <subfield code="7">0</subfield>
    <subfield code="9">52838</subfield>
    <subfield code="a">CPL</subfield>
    <subfield code="b">CPL</subfield>
    <subfield code="c">GEN</subfield>
    <subfield code="d">2018-12-17</subfield>
    <subfield code="o">34(038)+81'374.26:34=353.1 &#x10D2;-20</subfield>
    <subfield code="p">32115</subfield>
    <subfield code="r">2018-12-17</subfield>
    <subfield code="t">32115</subfield>
    <subfield code="w">2018-12-17</subfield>
    <subfield code="y">BK</subfield>
  </datafield>
  <datafield tag="952" ind1=" " ind2=" ">
    <subfield code="0">0</subfield>
    <subfield code="1">0</subfield>
    <subfield code="2">udc</subfield>
    <subfield code="4">0</subfield>
    <subfield code="6">340388137426343531_&#x10D2;20</subfield>
    <subfield code="7">0</subfield>
    <subfield code="9">52839</subfield>
    <subfield code="a">CPL</subfield>
    <subfield code="b">CPL</subfield>
    <subfield code="c">GEN</subfield>
    <subfield code="d">2018-12-17</subfield>
    <subfield code="o">34(038)+81'374.26:34=353.1 &#x10D2;-20</subfield>
    <subfield code="p">32116</subfield>
    <subfield code="r">2018-12-17</subfield>
    <subfield code="t">32116</subfield>
    <subfield code="w">2018-12-17</subfield>
    <subfield code="y">BK</subfield>
  </datafield>
  <datafield tag="952" ind1=" " ind2=" ">
    <subfield code="0">0</subfield>
    <subfield code="1">0</subfield>
    <subfield code="2">udc</subfield>
    <subfield code="4">0</subfield>
    <subfield code="6">340388137426343531_&#x10D2;20</subfield>
    <subfield code="7">0</subfield>
    <subfield code="9">52840</subfield>
    <subfield code="a">CPL</subfield>
    <subfield code="b">CPL</subfield>
    <subfield code="c">GEN</subfield>
    <subfield code="d">2018-12-17</subfield>
    <subfield code="o">34(038)+81'374.26:34=353.1 &#x10D2;-20</subfield>
    <subfield code="p">32117</subfield>
    <subfield code="r">2018-12-17</subfield>
    <subfield code="t">32117</subfield>
    <subfield code="w">2018-12-17</subfield>
    <subfield code="y">BK</subfield>
  </datafield>
  <datafield tag="952" ind1=" " ind2=" ">
    <subfield code="0">0</subfield>
    <subfield code="1">0</subfield>
    <subfield code="2">udc</subfield>
    <subfield code="4">0</subfield>
    <subfield code="6">340388137426343531_&#x10D2;20</subfield>
    <subfield code="7">0</subfield>
    <subfield code="9">93661</subfield>
    <subfield code="a">CPL</subfield>
    <subfield code="b">CPL</subfield>
    <subfield code="c">GEN</subfield>
    <subfield code="d">2023-02-09</subfield>
    <subfield code="g">8.00</subfield>
    <subfield code="o">34(038)+81'374.26:34=353.1 &#x10D2;-20</subfield>
    <subfield code="p">63713</subfield>
    <subfield code="r">2023-02-09</subfield>
    <subfield code="t">63713</subfield>
    <subfield code="w">2023-02-09</subfield>
    <subfield code="y">BK</subfield>
    <subfield code="z">8.00</subfield>
  </datafield>
  <datafield tag="952" ind1=" " ind2=" ">
    <subfield code="0">0</subfield>
    <subfield code="1">0</subfield>
    <subfield code="2">udc</subfield>
    <subfield code="4">0</subfield>
    <subfield code="6">340388137426343531_&#x10D2;20</subfield>
    <subfield code="7">0</subfield>
    <subfield code="9">93662</subfield>
    <subfield code="a">CPL</subfield>
    <subfield code="b">CPL</subfield>
    <subfield code="c">GEN</subfield>
    <subfield code="d">2023-02-09</subfield>
    <subfield code="g">8.00</subfield>
    <subfield code="o">34(038)+81'374.26:34=353.1 &#x10D2;-20</subfield>
    <subfield code="p">63714</subfield>
    <subfield code="r">2023-02-09</subfield>
    <subfield code="t">63714</subfield>
    <subfield code="w">2023-02-09</subfield>
    <subfield code="y">BK</subfield>
    <subfield code="z">8.00</subfield>
  </datafield>
  <datafield tag="952" ind1=" " ind2=" ">
    <subfield code="0">0</subfield>
    <subfield code="1">0</subfield>
    <subfield code="2">udc</subfield>
    <subfield code="4">0</subfield>
    <subfield code="6">340388137426343531_&#x10D2;20</subfield>
    <subfield code="7">0</subfield>
    <subfield code="9">93663</subfield>
    <subfield code="a">CPL</subfield>
    <subfield code="b">CPL</subfield>
    <subfield code="c">GEN</subfield>
    <subfield code="d">2023-02-09</subfield>
    <subfield code="g">8.00</subfield>
    <subfield code="o">34(038)+81'374.26:34=353.1 &#x10D2;-20</subfield>
    <subfield code="p">63715</subfield>
    <subfield code="r">2023-02-09</subfield>
    <subfield code="t">63715</subfield>
    <subfield code="w">2023-02-09</subfield>
    <subfield code="y">BK</subfield>
    <subfield code="z">8.00</subfield>
  </datafield>
  <datafield tag="952" ind1=" " ind2=" ">
    <subfield code="0">0</subfield>
    <subfield code="1">0</subfield>
    <subfield code="2">udc</subfield>
    <subfield code="4">0</subfield>
    <subfield code="6">340388137426343531_&#x10D2;20</subfield>
    <subfield code="7">0</subfield>
    <subfield code="9">103985</subfield>
    <subfield code="a">CPL</subfield>
    <subfield code="b">CPL</subfield>
    <subfield code="c">GEN</subfield>
    <subfield code="d">2025-09-19</subfield>
    <subfield code="g">8.00</subfield>
    <subfield code="o">34(038)+81'374.26:34=353.1 &#x10D2;-20</subfield>
    <subfield code="p">72378</subfield>
    <subfield code="r">2025-09-19</subfield>
    <subfield code="t">72378</subfield>
    <subfield code="w">2025-09-19</subfield>
    <subfield code="y">BK</subfield>
    <subfield code="z">8.00</subfield>
  </datafield>
</record>
